<?xml version="1.0" encoding="UTF-8"?>
<marc:record xmlns:marc="http://www.loc.gov/MARC21/slim">
   <marc:leader>00000nam a2200000 a 4500</marc:leader>
   <marc:datafield ind1="1" ind2=" " tag="100">
      <marc:subfield code="a">Kempkes, Michael</marc:subfield>
      <marc:subfield code="4">aut</marc:subfield>
      <marc:subfield code="e">Verfasser/-in</marc:subfield>
   </marc:datafield>
   <marc:datafield ind1="1" ind2=" " tag="100">
      <marc:subfield code="a">Lukhaup, Chris</marc:subfield>
      <marc:subfield code="4">ill</marc:subfield>
      <marc:subfield code="e">Illustrator/-in</marc:subfield>
   </marc:datafield>
   <marc:datafield ind1=" " ind2=" " tag="653">
      <marc:subfield code="a">Aquarium</marc:subfield>
   </marc:datafield>
   <marc:datafield ind1=" " ind2=" " tag="653">
      <marc:subfield code="a">Lebendgebärende Zahnkarpfen</marc:subfield>
   </marc:datafield>
   <marc:datafield ind1=" " ind2=" " tag="653">
      <marc:subfield code="a">Softcover / Ratgeber/Natur/Hobbytierhaltung</marc:subfield>
   </marc:datafield>
   <marc:datafield ind1=" " ind2=" " tag="653">
      <marc:subfield code="a">Ratgeber</marc:subfield>
   </marc:datafield>
   <marc:datafield ind1="0" ind2="0" tag="245">
      <marc:subfield code="a">Guppy, Platy, Molly</marc:subfield>
   </marc:datafield>
   <marc:datafield ind1="0" ind2="0" tag="245">
      <marc:subfield code="c">Autor: Michael Kempkes. Fotogr.: Chris Lukhaup</marc:subfield>
   </marc:datafield>
   <marc:datafield ind1=" " ind2="1" tag="264">
      <marc:subfield code="a">München</marc:subfield>
      <marc:subfield code="b">Gräfe und Unzer</marc:subfield>
      <marc:subfield code="c">2010</marc:subfield>
   </marc:datafield>
   <marc:datafield ind1="1" ind2=" " tag="490">
      <marc:subfield code="a">GU-Tierratgeber</marc:subfield>
   </marc:datafield>
   <marc:datafield ind1=" " ind2=" " tag="250">
      <marc:subfield code="a">1. Aufl.</marc:subfield>
   </marc:datafield>
   <marc:datafield ind1="1" ind2=" " tag="520">
      <marc:subfield code="a">Angaben aus der Verlagsmeldung

Guppy, Platy, Molly / von Michael Kempkes

Bunte Unterwasserlieblinge! Mit ihrer Farben- und Formenpracht und ihrem faszinierenden Verhalten haben Guppy, Platy und Molly die Aquarienwelt erobert. In diesem Tierratgeber erklärt Michael Kempkes kompetent und anschaulich was für die artgerechte Haltung von Lebendgebärenden Zahnkarpfen unverzichtbar ist: vom richtigen Aquarium inklusive Technik und Ausstattung über die Ernährung bis hin zur Pflege. In 14 Porträts werden die beliebtesten Guppys, Schwertträger, Mollys und Platys ausführlich vorgestellt. Darüber hinaus gibt es wertvolle Tipps zur Vergesellschaftung mit anderen Fischarten und Wirbellosen. Neben den faszinierenden Fakten zur ungewöhnlichen Fortpflanzung dieser lebendgebärenden Fische gibt der Autor zusätzlich wichtige Tipps zur Zucht und zum Umgang mit dem zahlreichen Nachwuchs.
</marc:subfield>
   </marc:datafield>
   <marc:datafield ind1=" " ind2=" " tag="020">
      <marc:subfield code="a">9783833817113</marc:subfield>
      <marc:subfield code="9">9783833817113</marc:subfield>
   </marc:datafield>
   <marc:datafield ind1=" " ind2=" " tag="300">
      <marc:subfield code="a">64 S.</marc:subfield>
   </marc:datafield>
</marc:record>
